| 000 | 00859nam a2200265Ia 4500 | ||
|---|---|---|---|
| 005 | 20220316235435.0 | ||
| 008 | 121119s2002 mx a gr 000 j spa | ||
| 020 | _a9681662989 | ||
| 041 | 0 | _aspa | |
| 100 | 1 | _aBrisac, Genevieve | |
| 245 | 1 | 0 |
_aOlga y los traidores _cGeneviuve Brisac ; ilustraciones de Erika Martínez |
| 250 | _aPrimera edición | ||
| 300 |
_a49 páginas _bilustraciones _c19 cm |
||
| 490 | 0 | _aA la orilla del viento | |
| 650 | 1 | 4 |
_aCuentos infantiles franceses _2LEMB |
| 650 | 1 | 4 |
_aLiteratura infantil francesa _2LEMB |
| 700 | 1 |
_aMartínez, Erika _eilustrador _937477 |
|
| 942 |
_2loc _cBKINF |
||
| 264 |
_aMéxico _bFondo de Cultura Económica _c2002 |
||
| 336 |
_atexto _btxt _2rdacontent |
||
| 337 |
_asin mediación _bn _2rdamedia |
||
| 338 |
_avolumen _bnc _2rdacarrier |
||
| 040 |
_aCO-BoRNBP _bspa _erda _cCO-BoRNBP |
||
| 084 | _aC BRI2 | ||
| 999 |
_c970 _d970 |
||